Breve historia del territorio de Chile /
Enregistré dans:
| Auteurs principaux: | , |
|---|---|
| Format: | Inconnue |
| Langue: | Spanish |
| Publié: |
Santiago, Chile :
Instituto de Investigaciones del Patrimonio Territorial de Chile, Universidad de Santiago,
1984.
|
| Édition: | 2. edición |
| Sujets: | |
| Tags: |
Ajouter un tag
Pas de tags, Soyez le premier à ajouter un tag!
|
MARC
| LEADER | 000000000a22000000004500 | ||
|---|---|---|---|
| 001 | 003708 | ||
| 041 | 0 | |a spa | |
| 082 | 0 | 4 | |a 918.3 |b V393b |
| 100 | 1 | |a Vásquez de Acuña, Isidoro | |
| 100 | 1 | |a Cabrera Latorre, Oscar | |
| 245 | 1 | 0 | |a Breve historia del territorio de Chile / |c Isidoro Vásquez de Acuña, Oscar Cabrera Latorre. |
| 250 | |a 2. edición | ||
| 260 | 1 | |a Santiago, Chile : |b Instituto de Investigaciones del Patrimonio Territorial de Chile, Universidad de Santiago, |c 1984. | |
| 300 | |a 72 páginas : |b mapas ; |c 18 cm. | ||
| 650 | 4 | |a CHILE | |
| 650 | 4 | |a LIMITES GEOGRAFICOS | |
| 999 | |c 10175 |d 10175 | ||
| 942 | |c BK |h 918.3 V393b |2 z | ||
